000 00906nac a22003137a 4500
001 BR2010004803
003 BR-BrBNA
005 20240105123849.0
008 230509b bl.|||m| |||| 00| 0 por d
040 _aBR-BrBNA
_bpor
_cBiblioteca Nacional de Agricultura
072 _aP35
090 _a0336 BR2010004803
100 1 _aSfredo, G.J.
100 1 _aOliveira, M.C.N. de
110 1 _aEMBRAPA Soja, Londrina, PR (Brasil)
245 1 _aSoja; molibdênio e cobalto
260 3 _aLondrina, PR (Brasil):
_c2010.
300 _a33 p.
490 _aDocumentos - EMBRAPA Soja (Brazil)
_vno. 322
_xISSN 1516-781X
500 _a15 tables; 15 ref.
650 _aSOJA
650 _aFERTILIDADE DO SOLO
650 _aFIXAÇÃO DE NITROGÊNIO
650 _aMOLIBDÊNIO
650 _aCOBALTO
650 _aMICROELEMENTO
909 _a202312
_bLúcia Elande
_c55
_dLúcia Elande
942 _2AGRIS
_n0
_cMS
999 _c297314
_d297314